Statistics for Top 10 Richest Cities in the World in 2014

Click here to take the quiz!

General Stats

  • This quiz has been taken 7 times
  • The average score is 7 of 10

Answer Stats

Hint Answer % Correct
3Paris
100%
1Tokyo
83%
2New York
83%
10London
83%
5Seoul
67%
4Chicago
50%
6Moscow
50%
7Istanbul
50%
9Shanghai
50%
8Mumbai
33%

Score Distribution

Percentile by Number Answered

Percent of People with Each Score

Your Score History

You have not taken this quiz